000 00894cam a22002295i 4500
001 77907
003 BD-RjUL
005 20211209083048.0
008 210208m2003 le d 000 0 araod
020 _a9773003405
035 _a(BD-RjUL)78133
040 _beng
_erda
_dUkOxU
_aBD-RjUL
_cBD-RjUL
041 _aara
082 _223
_a492.73
_bIBL 2003
100 1 _aIbn Majur ;; ابن منظور
_d1232-1311 or 1312,
_eauthor.
_9244608
245 1 0 _aلسان العرب ;; Lisān al-ʿArab /
_cابن منظور، ;; ibn Manẓūr
264 1 _aAl-Qahira :
_bDar al Hadith ,
_c2003
300 _a9 volumes ;
_c25 cm
505 _aVol.1.Alif,Ba,Ta,Sa.--v.2.Zim, H'a.--v.3.kha,dal, jal.--v.4.ra,ja,sin.--v.5.shim,soad,zoad,toa.--v.6.zoa,a,in,gain.--v.7.fa,qaf,kaf.--v.8.lam,mim,nun.--v.9.ha,waw,ya.
650 0 _aArabic language
_vDictionaries
_vEarly works to 1700.
_9244609
942 _2ddc
_cREF
999 _c77907
_d77907